1148 1304 1200 1263 1217 1874 1003 1226 1401 1277 1672 1158 1159 1803 1146 1587 1725 1323 1871 1599 1136 1831 1105 1854 1684 1192 1422 1244 1848 1942 1088 1287 1420 1738 1198 1379 1809 1475 1268 1420 1460 1308 1964 1464 1601 1805 1935 1502 1703 1647 1577 1235 1236 1300 1039 1456 1332 1382 1317 1107 1252 1607 1003 1542 1349 1608 1215 1312 1554 1955 1332 1093 1175 1961 1321 1409 1981 1760 1125 1691 1491 1401 1142 1157 1325 1290 1523 1321 1858 1190 1351 1752 1616 1315 1814 1217 1305 1011 1332 BCNSPRNW ULIB Ver.6.0+V

เปลี่ยนเป็นภาษาไทย

Change to English
 แสดงรายละเอียดบรรณานุกรม
  กลับหน้าหลัก

Brief Record : Get Marc (ISO 2709) : E-mail record : QR code < ปิดหน้าต่าง
LEADER : 00000nam 2200000uu 4500
001    13399113187
003     ULIB
008    110627s2541||||th 000 0 tha d
020    9789749698916
090    นว.^bจ892ก 25441
100 0  โจนาธาน สเตราด์
245 00 โกเล็มส์อาย ไตรภาคบาร์ติเมอัส = The Golem s eye/^cโจนาธาน สเตราด์
260    กรุงเทพฯ :^bเนชั่นบุ๊คส์,^c2541
300    620 หน้า
710 1  เนชั่นบุ๊คส์
945    ^p365^l0^i019609
995    ทศพร
999 ^a ใช้งานได้ทุกระบบ
รายการนี้ยังไม่มีแท็ก
คุณยังไม่ได้ล็อกอิน คุณสามารถมีกิจกรรมร่วมกับเว็บไซต์ได้ แต่ต้องล็อกอินก่อน ::
  ล็อกอิน

รายการสื่อสารสนเทศ

ลำดับที่ ประเภท เลขเรียก/บาร์โค้ด สถานที่ สถานะ
- ไม่พบข้อมูล -

BibComment


ยังไม่เคยถูกคอมเมนท์

คอมเมนท์ทรัพยากรรายการนี้
  คอมเมนท์: โกเล็มส์อาย ไตรภา..


 Copyright 2026. Bcnsprnw @Library